Electricity and magnetism

Αποθηκεύτηκε σε:
Λεπτομέρειες βιβλιογραφικής εγγραφής
Κύριος συγγραφέας: Purcell, Edward M.
Μορφή: Βιβλίο
Γλώσσα:English
Δημοσίευση: Boston : McGraw-Hill, c1995
Έκδοση:2nd ed.
Σειρά:Berkeley physics course
Θέματα:
Ετικέτες: Προσθήκη ετικέτας
Δεν υπάρχουν, Καταχωρήστε ετικέτα πρώτοι!

MARC

LEADER 00000nam a2200000 i 4500
001 1/2203
008 000424s1985 eng d
020 |a 0-07-004908-4 
035 |l 10060315 
040 |a GR-MY-UA  |b gre  |e aacr 
041 0 |a eng 
082 0 |a 537 
100 1 |a Purcell, Edward M. 
245 1 0 |a Electricity and magnetism /  |c Edward M.Purcel 
250 |a 2nd ed. 
260 |a Boston :   |b McGraw-Hill,   |c c1995 
300 |a xix, 484 σ.;  |b εικ.;  |c 24 εκ. 
490 1 |a Berkeley physics course 
504 |a Περιέχει βιβλιογραφικές παραπομπές και ευρετήριο 
505 0 |a Berkeley physics course 
650 0 0 |a Electricity. 
650 0 0 |a Magnetism. 
740 0 2 |a Berkeley physics course 
852 |a INST  |b LESVOS  |e 20000424  |h 537 PUR  |p 005100020178  |q 005100020178  |t BK  |y 0  |z v.2 
852 |a INST  |b LESVOS  |e 20000424  |h 537 PUR  |p 005100020178  |q 005100020178  |t BK  |v v.2:  |y 0  |z v.2 
853 |a INST  |b LESVOS  |h 537 PUR 
901 |a BIBL1-2000-1 
909 |a Λ  |b 070914 
922 |a 1ΕΛΗ  |b 199911  |c ΤΑΚ/ΜΥΡΙΤΣΗΣ  |d ΠΑΠΑΣΩΤΗΡΙΟΥ 
950 |a 182-1999-10-11 
970 |a ΑΙΒΑΤΖΙΔΟΥ  |b ΕΛΕΝΗ  |z 2000/04/24